Statistiken für Weihnachtszeit

Klicken Sie hier um das Quiz zu spielen!

Allgemein

  • Dieses Quiz wurde 263 mal gespielt
  • Das Durchschnittsergebnis liegt bei 16 aus 59

Antwortstatistiken

HinweisAntwort% Korrekt
Ad...Advent
96%
Ad...Adventskranz
68%
Ch...Christkind
66%
Ch...Christbaum
55%
Ad...Adventskalender
53%
Je...Jesus
52%
En...Engel
50%
Ma...Maria
50%
Ge...Geschenke
47%
Ni...Nikolaus
46%
Jo...Josef
44%
Ta...Tannenbaum
43%
Kr...Krippe
38%
Sc...Schnee
33%
Oc...Ochse
32%
Fa...Familie
31%
La...Lametta
31%
Le...Lebkuchen
31%
Re...Rentier
31%
Be...Bethlehem
28%
Hi...Hirten
28%
We...Weihrauch
28%
Ch...Christstollen
27%
Ch...Christbaumkugel
25%
Ba...Balthasar
24%
Me...Melchior
24%
Pu...Punsch
24%
Gl...Glocke
23%
Ki...Kirche
23%
He...Heiligabend
22%
My...Myrrhe
22%
St...Stall
22%
Ka...Kaspar
21%
Sc...Schlitten
21%
Zw...Zweig
21%
Dr...Drei Könige
19%
Wu...Wunder
19%
St...Sterne
18%
Fe...Feiertag
16%
Ge...Geburt
14%
Me...Messe
14%
We...Weihnachtslieder
14%
Wi...Wichtel
13%
Zi...Zimtsterne
13%
Be...Bescherung
12%
De...Dezember
12%
Ma...Marzipan
12%
Ru...Rute
12%
En...Engelshaar
11%
He...Heiland
10%
Ju...Judäa
10%
Mo...Morgenland
10%
Ro...Rosinen
10%
Vo...Vorfreude
9%
Fe...Festessen
8%
Me...Messias
8%
We...Weihnachtsabend
8%
Da...Dattel
7%
Ju...Jungfrau
7%

Verteilung der Resultate

Perzentil nach korrekt beantworteten Fragen

Anzahl Personen mit jedem Resultat

Ihre Resultats-Entwicklung

Sie haben dieses Quiz noch nicht gespielt